Коррозия: справочник; сокращенный перевод с английского

Dades bibliogràfiques
Altres autors: Шрайер Л. Л. (редактор)
Sumari:Библиогр. в конце глав.
Книга представляет фундаментальный энциклопедический справочник по коррозии и защите металлов и сплавов. Приведены основные сведения по теории коррозии, включающие анализ поведения сплавов на основе диаграмм электрохимического равновесия. Приведены коррозионные свойства всех основных металлов и сплавов в различных средах, изложены современные представления и конкретные сведения о влиянии на коррозию механических, электрохимических и металлургических факторов.Рассмотрены методы контроля и электрохимической защиты от коррозии, а также защиты различными покрытиями. Большее внимание уделено рациональному конструированию с целью предупреждения коррозии.
Idioma:rus
Publicat: Москва, Металлургия, 1981
Matèries:
Format: Llibre
KOHA link:https://koha.lib.tpu.ru/cgi-bin/koha/opac-detail.pl?biblionumber=66892

MARC

LEADER 00000nam0a2200000 4500
001 66892
005 20231101212302.0
035 |a (RuTPU)RU\TPU\book\71211 
090 |a 66892 
100 |a 20040909d1981 km y0rusy50 ca 
101 1 |a rus  |c eng 
102 |a RU 
105 |a a g 001zy 
200 1 |a Коррозия  |e справочник  |e сокращенный перевод с английского  |f под ред. Л. Л. Шрайера 
210 |a Москва  |c Металлургия  |d 1981 
215 |a 632 с.  |c ил. 
300 |a Библиогр. в конце глав. 
320 |a Предметный указатель: с. 623-631. 
330 |a Книга представляет фундаментальный энциклопедический справочник по коррозии и защите металлов и сплавов. Приведены основные сведения по теории коррозии, включающие анализ поведения сплавов на основе диаграмм электрохимического равновесия. Приведены коррозионные свойства всех основных металлов и сплавов в различных средах, изложены современные представления и конкретные сведения о влиянии на коррозию механических, электрохимических и металлургических факторов.Рассмотрены методы контроля и электрохимической защиты от коррозии, а также защиты различными покрытиями. Большее внимание уделено рациональному конструированию с целью предупреждения коррозии. 
606 1 |a Металлы  |x Коррозия  |2 stltpush  |3 (RuTPU)RU\TPU\subj\72818  |9 86210 
610 1 |a железо 
610 1 |a металлические сплавы 
610 1 |a цветные металлы 
610 1 |a цветные сплавы 
610 1 |a редкие металлы 
610 1 |a металлические покрытия 
610 1 |a защитные покрытия 
610 1 |a справочники 
675 |a 669:620.193(035)  |v 3 
702 1 |a Шрайер  |b Л. Л.  |4 340 
801 1 |a RU  |b 63413507  |c 20040909  |g PSBO 
801 2 |a RU  |b 63413507  |c 20190521  |g PSBO 
942 |c BK